000 00426nam a2200145Ia 4500
003 OSt
005 20260120114113.0
008 211028s2014 xx 000 0 und d
040 _cAIMIT LIBRARY
041 _aeng
100 _aGomes, Gayson Sergio; Kamath, T Ramesh.
_g1216038
_97152
245 _aStudy on the performance appraisal system at cipl ltd Goa /
260 _aMangalore
_bT Ramesh Kamath
_c2014
942 _2ddc
_cPRO
999 _c218722
_d218722